[Event "FRA-chT Top 16 Gp Basse"]
[Site "Le Port Marly"]
[Date "2009.05.29"]
[Round "9"]
[White "Pucher, Olivier"]
[Black "Stenel, Vincent"]
[Result "1/2-1/2"]
[WhiteElo "2313"]
[BlackElo "2103"]
[PlyCount "74"]
[EventDate "2009.05.28"]
[EventType "team-tourn"]
[EventRounds "11"]
[EventCountry "FRA"]
[SourceTitle "CBM 130 Extra"]
[Source "ChessBase"]
[SourceDate "2009.07.02"]
[SourceVersion "2"]
[SourceVersionDate "2009.07.15"]
[SourceQuality "1"]

1. d4 e6 2. c4 Nf6 3. Nf3 c5 4. Nc3 cxd4 5. Nxd4 d5 6. cxd5 Nxd5 7. Bd2 Bc5 8. Nb3 Bb6 9. Nxd5 Qxd5 10. Bc3 Qxd1+ 11. Rxd1 0-0 12. g4 Nc6 13. Bg2 Rd8 14. Rxd8+ Nxd8 15. 0-0 e5 16. h3 f6 17. Na5 Be6 18. a3 Rb8 19. Rd1 Kf7 20. e3 Bc5 21. Rd2 b6 22. Nc6 Nxc6 23. Bxc6 Be7 24. Kg2 Rc8 25. Bd7 Rd8 26. Bc6 Rxd2 27. Bxd2 Bb3 28. Kf3 Ke6 29. e4 Bc5 30. Bc3 Bd1+ 31. Kg3 Bb3 32. Bb5 g5 33. Kf3 Bd1+ 34. Be2 Bb3 35. Ba6 Bd1+ 36. Be2 Bb3 37. Ba6 Bd1+ 1/2-1/2

[Event "FRA-chT Top 16 Gp Basse"]
[Site "Le Port Marly"]
[Date "2009.05.28"]
[Round "8"]
[White "Nicoara, Malina"]
[Black "Stenel, Vincent"]
[Result "1/2-1/2"]
[WhiteElo "2167"]
[BlackElo "2103"]
[PlyCount "97"]
[EventDate "2009.05.28"]
[EventType "team-tourn"]
[EventRounds "11"]
[EventCountry "FRA"]
[SourceTitle "CBM 130 Extra"]
[Source "ChessBase"]
[SourceDate "2009.07.02"]
[SourceVersion "2"]
[SourceVersionDate "2009.07.15"]
[SourceQuality "1"]

1. d4 Nf6 2. c4 e6 3. Nc3 Bb4 4. Qc2 Bxc3+ 5. Qxc3 Ne4 6. Qc2 f5 7. e3 c5 8. Bd3 Qa5+ 9. Bd2 Qxd2+ 10. Qxd2 Nxd2 11. Kxd2 0-0 12. f4 b6 13. Nf3 Bb7 14. Rhf1 Na6 15. a3 Nc7 16. h3 Be4 17. g4 Bxd3 18. Kxd3 Ne8 19. Nd2 Nd6 20. b3 g6 21. Rae1 a5 22. a4 Rad8 23. Re2 Nb7 24. d5 Nd6 25. Rfe1 Nf7 26. Rg1 Kg7 27. e4 fxg4 28. hxg4 e5 29. f5 Ng5 30. Rh1 d6 31. Ke3 Rd7 32. Reh2 Kf6 33. Rh6 Rff7 34. Nf1 Rg7 35. Ng3 Kf7 36. R1h2 Rg8 37. Nf1 Kf6 38. Rh1 Kf7 39. R1h2 Rg7 40. Ng3 Rb7 41. Nf1 Kf8 42. Ng3 Rbf7 43. Rf2 Ke7 44. Rh1 Rf6 45. Rfh2 Rff7 46. Rh6 Rf6 47. R6h4 Rff7 48. Rh6 Rf6 49. R6h4 1/2-1/2

[Event "FRA-chT Top 16 GpA"]
[Site "France"]
[Date "2009.05.02"]
[Round "6"]
[White "Dacalor, Aurelie"]
[Black "Stenel, Vincent"]
[Result "1-0"]
[WhiteElo "2038"]
[BlackElo "2103"]
[PlyCount "65"]
[EventDate "2009.03.20"]
[EventType "team"]
[EventRounds "7"]
[EventCountry "FRA"]
[SourceTitle "CBM 129 Extra"]
[Source "ChessBase"]
[SourceDate "2009.05.05"]
[SourceVersion "2"]
[SourceVersionDate "2009.05.20"]
[SourceQuality "1"]

1. d4 d5 2. c4 c6 3. Nc3 Nf6 4. Nf3 e6 5. Bg5 Be7 6. e3 a6 7. a4 a5 8. Be2 0-0 9. 0-0 Nbd7 10. h3 h6 11. Bf4 dxc4 12. Bxc4 Nd5 13. Ba2 N7b6 14. Bb3 Nxc3 15. bxc3 c5 16. Qd3 Nd7 17. Bc2 g6 18. Rfd1 cxd4 19. cxd4 b6 20. Qb3 Bb7 21. e4 Rc8 22. Rac1 Ba6 23. Qe3 Kg7 24. Bd3 Rxc1 25. Rxc1 Bxd3 26. Qxd3 Bf6 27. Bc7 Nc5 28. Rxc5 bxc5 29. Bxd8 Rxd8 30. e5 Be7 31. Qb5 cxd4 32. Qxa5 Rd5 33. Qd2 1-0

[Event "FRA-chT Top 16 GpA"]
[Site "France"]
[Date "2009.05.01"]
[Round "5"]
[White "Stenel, Vincent"]
[Black "Delorme, Laurie"]
[Result "0-1"]
[WhiteElo "2103"]
[BlackElo "2177"]
[PlyCount "68"]
[EventDate "2009.03.20"]
[EventType "team"]
[EventRounds "7"]
[EventCountry "FRA"]
[SourceTitle "CBM 129 Extra"]
[Source "ChessBase"]
[SourceDate "2009.05.05"]
[SourceVersion "2"]
[SourceVersionDate "2009.05.20"]
[SourceQuality "1"]

1. e4 e5 2. Nf3 Nc6 3. Bc4 Nf6 4. Ng5 d5 5. exd5 Na5 6. Bb5+ c6 7. dxc6 bxc6 8. Be2 h6 9. Nf3 e4 10. Ng1 Bc5 11. d4 exd3 12. Qxd3 Qb6 13. Qg3 Be6 14. Nc3 0-0 15. a3 Nc4 16. Nh3 g5 17. 0-0 Bd6 18. Na4 Qc7 19. f4 Ne4 20. Qe1 Rae8 21. Kh1 g4 22. Nf2 Nf6 23. b3 Nb6 24. Nxb6 axb6 25. Bb2 Nd5 26. Nd3 Ne3 27. Ne5 Nxf1 28. Qxf1 h5 29. b4 f6 30. Nd3 Qf7 31. c4 Bxc4 32. Rc1 Re4 33. a4 Rfe8 34. Rxc4 Qxc4 0-1

[Event "FRA-chT Top 16 GpA"]
[Site "France"]
[Date "2009.03.22"]
[Round "3"]
[White "Stenel, Vincent"]
[Black "Moingt, Anne"]
[Result "1-0"]
[WhiteElo "2103"]
[BlackElo "2120"]
[PlyCount "75"]
[EventDate "2009.03.20"]
[EventType "team"]
[EventRounds "7"]
[EventCountry "FRA"]
[SourceTitle "CBM 129 Extra"]
[Source "ChessBase"]
[SourceDate "2009.05.05"]
[SourceVersion "2"]
[SourceVersionDate "2009.05.20"]
[SourceQuality "1"]

1. e4 c5 2. Nc3 Nc6 3. g3 g6 4. Bg2 Bg7 5. d3 Rb8 6. Nf3 b5 7. 0-0 d6 8. Ne2 Nf6 9. d4 cxd4 10. Nfxd4 Nxd4 11. Nxd4 Qc7 12. Re1 0-0 13. c3 Bg4 14. Qb3 a6 15. e5 dxe5 16. Nc6 Rb6 17. Nxe5 Be6 18. Qa3 Nd5 19. Nd3 Re8 20. Nc5 b4 21. cxb4 Nxb4 22. Nxe6 fxe6 23. Be3 Rbb8 24. Rac1 Nc2 25. Qxa6 Rxb2 26. Qxe6+ Kh8 27. Bf4 Qa5 28. Qd7 Rd8 29. Qxe7 Nxe1 30. Bc7 Qd2 31. Qxd8+ Qxd8 32. Bxd8 Nxg2 33. Rc8 Rb1+ 34. Kxg2 Kg8 35. Bf6+ Kf7 36. Bxg7 Kxg7 37. Rc7+ Kh6 38. h4 1-0

[Event "FRA-chT Top 16 GpA"]
[Site "France"]
[Date "2009.03.20"]
[Round "1"]
[White "Stenel, Vincent"]
[Black "Milliet, Sophie"]
[Result "0-1"]
[WhiteElo "2103"]
[BlackElo "2364"]
[PlyCount "73"]
[EventDate "2009.03.20"]
[EventType "team"]
[EventRounds "7"]
[EventCountry "FRA"]
[SourceTitle "CBM 129 Extra"]
[Source "ChessBase"]
[SourceDate "2009.05.05"]
[SourceVersion "2"]
[SourceVersionDate "2009.05.20"]
[SourceQuality "1"]

1. e4 c5 2. Nc3 Nc6 3. g3 g6 4. Bg2 Bg7 5. d3 d6 6. Be3 Nd4 7. Qd2 Qa5 8. Nge2 Bg4 9. Bxd4 cxd4 10. Nd1 Qb6 11. c4 Bh6 12. f4 e5 13. 0-0 Ne7 14. h3 Be6 15. Nf2 f5 16. b4 0-0 17. Rab1 fxe4 18. Nxe4 Nf5 19. Ng5 Bxg5 20. fxg5 Ne3 21. Rf6 Rxf6 22. gxf6 Rf8 23. g4 Rxf6 24. Ng3 Rf4 25. Re1 Qd8 26. Rxe3 dxe3 27. Qxe3 b6 28. Ne2 Rf8 29. Nc3 Qf6 30. Ne4 Qf4 31. Qxf4 Rxf4 32. Nxd6 Rd4 33. Nb5 Rxd3 34. c5 bxc5 35. bxc5 Bd5 36. Nxa7 Rd1+ 37. Bf1 0-1

[Event "FRA-chT2 West 0708"]
[Site "France"]
[Date "2008.03.16"]
[Round "9.4"]
[White "Tripoteau, Nicolas"]
[Black "Stenel, Vincent"]
[Result "1-0"]
[WhiteElo "2309"]
[BlackElo "2121"]
[PlyCount "101"]
[EventDate "2007.10.21"]
[EventType "team"]
[EventRounds "11"]
[EventCountry "FRA"]
[SourceTitle "EXT 2009"]
[Source "ChessBase"]
[SourceDate "2008.11.26"]
[SourceVersion "1"]
[SourceVersionDate "2008.11.26"]
[SourceQuality "1"]
[WhiteTeam "Sautron"]
[BlackTeam "Bois Colombes II"]
[WhiteTeamCountry "FRA"]
[BlackTeamCountry "FRA"]

1. d4 e6 2. c4 f5 3. Nf3 Nf6 4. g3 Be7 5. Bg2 0-0 6. 0-0 c6 7. Qc2 d6 8. Nbd2 Qc7 9. e4 d5 10. cxd5 exd5 11. exf5 Ng4 12. f6 Nxf6 13. Re1 Bd6 14. Ng5 Qb6 15. Ndf3 h6 16. Ne6 Re8 17. Bf4 Bxf4 18. Nxf4 Ne4 19. Nd2 Bf5 20. Nxe4 dxe4 21. Qc4+ Kf8 22. Bh3 Bh7 23. Ne6+ Rxe6 24. Qxe6 Na6 25. Bf5 Re8 26. Qd6+ Kg8 27. Bg6 Bxg6 28. Qxg6 Rf8 29. Re2 Qxd4 30. Qxe4 Qb6 31. a3 Nc7 32. Rae1 Nd5 33. Qe6+ Kh8 34. Qg6 Qd4 35. Kh1 Nf6 36. h3 Qd5+ 37. Kg1 Qd4 38. Qc2 Qd7 39. Kh2 Nh7 40. Re7 Qd4 41. Re8 Kg8 42. Qb3+ Qd5 43. Qxd5+ cxd5 44. R1e7 Rxe8 45. Rxe8+ Kf7 46. Rb8 b6 47. Rb7+ Kf6 48. Rxa7 d4 49. Kg2 Ng5 50. Rd7 Ke5 51. f4+ 1-0

[Event "FRA-chT2 West 0708"]
[Site "France"]
[Date "2008.02.10"]
[Round "7.7"]
[White "Ricroque, Jean Pierre"]
[Black "Stenel, Vincent"]
[Result "1/2-1/2"]
[WhiteElo "1987"]
[BlackElo "2121"]
[PlyCount "109"]
[EventDate "2007.10.21"]
[EventType "team"]
[EventRounds "11"]
[EventCountry "FRA"]
[SourceTitle "EXT 2009"]
[Source "ChessBase"]
[SourceDate "2008.11.26"]
[SourceVersion "1"]
[SourceVersionDate "2008.11.26"]
[SourceQuality "1"]
[WhiteTeam "Cergy Pontoise"]
[BlackTeam "Bois Colombes II"]
[WhiteTeamCountry "FRA"]
[BlackTeamCountry "FRA"]

1. d4 e6 2. c4 f5 3. g4 fxg4 4. e4 c5 5. h3 cxd4 6. hxg4 Nc6 7. Be2 Bc5 8. g5 Nge7 9. a3 a5 10. f4 d6 11. Qd3 g6 12. Nd2 Bd7 13. Bg4 Qc7 14. e5 dxe5 15. Ne4 exf4 16. Nxc5 Ne5 17. Qxd4 Qxc5 18. Qxc5 Nd3+ 19. Ke2 Nxc5 20. Bxf4 e5 21. Bxd7+ Nxd7 22. Be3 Nf5 23. Rh3 Nxe3 24. Kxe3 Rc8 25. Rh4 0-0 26. Rd1 Nb6 27. b3 a4 28. Rd6 Rc6 29. Rxc6 bxc6 30. b4 Rf4 31. Rxf4 exf4+ 32. Kd4 Nd7 33. c5 Kf7 34. b5 Ke6 35. b6 Kf5 36. Nf3 Nb8 37. b7 Kg4 38. Kc4 Na6 39. Ne5+ Kxg5 40. Kd4 Nb8 41. Ke4 h5 42. Nxc6 Nxc6 43. Kd5 f3 44. Kxc6 f2 45. b8Q f1Q 46. Qe5+ Qf5 47. Kd6 Qxe5+ 48. Kxe5 h4 49. c6 h3 50. c7 h2 51. c8Q h1Q 52. Qd8+ Kg4 53. Qd7+ Kg3 54. Qd3+ Kh2 55. Qc2+ 1/2-1/2

[Event "FRA-chT2 West 0708"]
[Site "France"]
[Date "2008.01.19"]
[Round "5.7"]
[White "Stenel, Vincent"]
[Black "Neuhauser, Salome"]
[Result "1-0"]
[WhiteElo "2121"]
[BlackElo "1954"]
[PlyCount "83"]
[EventDate "2007.10.21"]
[EventType "team"]
[EventRounds "11"]
[EventCountry "FRA"]
[SourceTitle "EXT 2009"]
[Source "ChessBase"]
[SourceDate "2008.11.26"]
[SourceVersion "1"]
[SourceVersionDate "2008.11.26"]
[SourceQuality "1"]
[WhiteTeam "Bois Colombes II"]
[BlackTeam "Evry Grand Roque II"]
[WhiteTeamCountry "FRA"]
[BlackTeamCountry "FRA"]

1. e4 c5 2. Nc3 Nc6 3. g3 g6 4. Bg2 Bg7 5. d3 e6 6. Nge2 Nge7 7. Be3 d6 8. Qd2 Nd4 9. 0-0 0-0 10. Rae1 Bd7 11. Nd1 Bc6 12. c3 Nxe2+ 13. Rxe2 b6 14. Bh6 d5 15. Bxg7 Kxg7 16. e5 d4 17. c4 Qc7 18. Bxc6 Qxc6 19. Re4 Rae8 20. g4 Ng8 21. g5 h6 22. f4 hxg5 23. fxg5 Ne7 24. Nf2 Nf5 25. Ng4 Rh8 26. Nf6 Ref8 27. Rf3 Qa4 28. b3 Qc6 29. Qf2 Qb7 30. h4 Rd8 31. Rh3 a6 32. Qh2 Qc8 33. h5 gxh5 34. Nxh5+ Kg6 35. Nf4+ Kg7 36. Nh5+ Kg6 37. Nf4+ Kg7 38. g6 fxg6 39. Qg2 Rxh3 40. Qxg6+ Kh8 41. Qf6+ Kh7 42. Qf7+ 1-0

[Event "FRA-chT2 North 0607"]
[Site "France"]
[Date "2007.04.01"]
[Round "11.6"]
[White "Stenel, Vincent"]
[Black "Rano, David"]
[Result "1/2-1/2"]
[WhiteElo "2145"]
[BlackElo "2152"]
[PlyCount "82"]
[EventDate "2006.10.15"]
[EventType "team"]
[EventRounds "11"]
[EventCountry "FRA"]
[SourceTitle "EXT 2008"]
[Source "ChessBase"]
[SourceDate "2007.11.25"]
[SourceVersion "1"]
[SourceVersionDate "2007.11.25"]
[SourceQuality "1"]
[WhiteTeam "Bois Colombes II"]
[BlackTeam "Noisy le Grand"]
[WhiteTeamCountry "FRA"]
[BlackTeamCountry "FRA"]

1. e4 e5 2. Nf3 Nc6 3. Bb5 a6 4. Ba4 b5 5. Bb3 Na5 6. d4 Nxb3 7. axb3 exd4 8. Qxd4 d6 9. Bg5 Qd7 10. c4 b4 11. Nbd2 c5 12. Qd3 Bb7 13. 0-0 f6 14. Bf4 g6 15. e5 fxe5 16. Nxe5 Qg7 17. Rfe1 0-0-0 18. Qh3+ Kc7 19. Qe6 g5 20. Bg3 Nh6 21. Ne4 Kb6 22. Nd3 Bxe4 23. Rxe4 Qf7 24. f4 Qxe6 25. Rxe6 gxf4 26. Bh4 Rd7 27. Rxa6+ Kb7 28. Bf6 Rg8 29. Ra1 f3 30. g3 Ng4 31. Rf1 Rg6 32. Rxf3 Rf7 33. h3 Rgxf6 34. Rexf6 Rxf6 35. Kg2 Rxf3 36. Kxf3 Ne5+ 37. Nxe5 dxe5 38. Ke4 Kc6 39. Kf5 Kd6 40. g4 Be7 41. Ke4 Ke6 1/2-1/2

[Event "FRA-chT2 North 0607"]
[Site "France"]
[Date "2007.03.18"]
[Round "9.7"]
[White "Scozzesi, Francois"]
[Black "Stenel, Vincent"]
[Result "0-1"]
[WhiteElo "1935"]
[BlackElo "2145"]
[PlyCount "74"]
[EventDate "2006.10.15"]
[EventType "team"]
[EventRounds "11"]
[EventCountry "FRA"]
[SourceTitle "EXT 2008"]
[Source "ChessBase"]
[SourceDate "2007.11.25"]
[SourceVersion "1"]
[SourceVersionDate "2007.11.25"]
[SourceQuality "1"]
[WhiteTeam "Arcueil"]
[BlackTeam "Bois Colombes II"]
[WhiteTeamCountry "FRA"]
[BlackTeamCountry "FRA"]

1. e4 e6 2. d4 d5 3. Nc3 Bb4 4. e5 Qd7 5. a3 Bf8 6. g3 b6 7. Bg2 Ne7 8. Nge2 c5 9. 0-0 Nbc6 10. Be3 Nf5 11. Re1 Bb7 12. Nb1 Be7 13. c3 a5 14. b3 0-0 15. Bh3 Nxe3 16. fxe3 f5 17. exf6 Rxf6 18. Nf4 Qd6 19. Qd3 Ba6 20. Qd1 Rd8 21. Bg2 g5 22. Nh5 Rf7 23. e4 dxe4 24. Rxe4 cxd4 25. c4 Bb7 26. Qe1 d3 27. Nd2 Nd4 28. Rxe6 Qxe6 29. Qxe6 Nxe6 30. Bxb7 Bc5+ 31. Kh1 Rxb7 32. Nf6+ Kg7 33. Nd5 b5 34. Ne4 bxc4 35. b4 Bd4 36. Rd1 g4 37. a4 Rdb8 0-1

[Event "FRA-chT2 North 0607"]
[Site "France"]
[Date "2006.10.15"]
[Round "1.4"]
[White "Stenel, Vincent"]
[Black "Goasdoue, Vincent M"]
[Result "1/2-1/2"]
[WhiteElo "2146"]
[BlackElo "2169"]
[PlyCount "42"]
[EventDate "2006.10.15"]
[EventType "team"]
[EventRounds "11"]
[EventCountry "FRA"]
[SourceTitle "EXT 2008"]
[Source "ChessBase"]
[SourceDate "2007.11.25"]
[SourceVersion "1"]
[SourceVersionDate "2007.11.25"]
[SourceQuality "1"]
[WhiteTeam "Bois Colombes II"]
[BlackTeam "Arras"]
[WhiteTeamCountry "FRA"]
[BlackTeamCountry "FRA"]

1. e4 g6 2. d4 Bg7 3. f4 d6 4. Nf3 Bg4 5. c3 e5 6. fxe5 Bxf3 7. Qxf3 dxe5 8. Bc4 Qe7 9. 0-0 Nf6 10. dxe5 Qxe5 11. Be3 Nc6 12. Nd2 Rd8 13. Nb3 0-0 14. Bc5 Rfe8 15. Rae1 b6 16. Bd4 Nxd4 17. cxd4 Rxd4 18. Bd5 Rxd5 19. exd5 Qxe1 20. Rxe1 Rxe1+ 21. Kf2 Re5 1/2-1/2

[Event "FRA-chT2A 0506"]
[Site "France"]
[Date "2005.11.20"]
[Round "3.4"]
[White "Spitz, Patrick"]
[Black "Stenel, Vincent"]
[Result "0-1"]
[WhiteElo "2178"]
[BlackElo "2155"]
[PlyCount "90"]
[EventDate "2005.10.27"]
[EventType "team-tourn"]
[EventRounds "11"]
[EventCountry "FRA"]
[SourceTitle "EXT 2006"]
[Source "ChessBase"]
[SourceDate "2005.11.24"]
[SourceVersion "1"]
[SourceVersionDate "2005.11.24"]
[SourceQuality "1"]
[WhiteTeam "Evry III"]
[BlackTeam "Bois Colombes II"]
[WhiteTeamCountry "FRA"]
[BlackTeamCountry "FRA"]

1. e4 e6 2. d4 d5 3. e5 c5 4. c3 Qb6 5. Nf3 Bd7 6. a3 Nc6 7. Be2 cxd4 8. cxd4 Nge7 9. b4 Nf5 10. Be3 Rc8 11. 0-0 Be7 12. Qd3 a6 13. Nc3 Na7 14. Rac1 0-0 15. Nd2 a5 16. bxa5 Qxa5 17. a4 Bxa4 18. Nxa4 Rxc1 19. Rxc1 Qxa4 20. Rc7 Nc6 21. Nf3 Rb8 22. Qb5 Qa8 23. Bd3 Bd8 24. Rd7 Nxe3 25. fxe3 Kf8 26. Bxh7 Ke8 27. Rxf7 Qa1+ 28. Kf2 Kxf7 29. Qd3 Ke7 30. Ng5 Nxe5 31. dxe5 Qxe5 32. h4 Bb6 33. Qa3+ Qd6 34. Qc3 d4 35. Qb2 dxe3+ 36. Ke2 Bd4 37. Qb1 b5 38. Bd3 b4 39. Bc4 Rf8 40. Ne4 Qb6 41. Qb3 Rf4 42. Ng5 Rf2+ 43. Kd1 Qa5 44. Bd3 Qa1+ 45. Bb1 Qxb1+ 0-1

[Event "FRA-chT2 0405"]
[Site "France"]
[Date "2005.01.08"]
[Round "5.2"]
[White "Saiboulatov, Danial"]
[Black "Stenel, Vincent"]
[Result "0-1"]
[WhiteElo "2359"]
[BlackElo "2126"]
[PlyCount "61"]
[EventDate "2004.10.10"]
[EventType "team"]
[EventRounds "11"]
[EventCountry "FRA"]
[SourceTitle "EXT 2006"]
[Source "ChessBase"]
[SourceDate "2005.11.24"]
[SourceVersion "1"]
[SourceVersionDate "2005.11.24"]
[SourceQuality "1"]
[WhiteTeam "Arras"]
[BlackTeam "Bois Colombes"]
[WhiteTeamCountry "FRA"]
[BlackTeamCountry "FRA"]

1. e4 e6 2. d4 d5 3. Nd2 Nf6 4. e5 Nfd7 5. f4 c5 6. c3 Nc6 7. Ndf3 Qb6 8. a3 f6 9. Bd3 cxd4 10. cxd4 Be7 11. Ne2 fxe5 12. fxe5 0-0 13. Rf1 Kh8 14. Qc2 Rxf3 15. Rxf3 Nxd4 16. Nxd4 Qxd4 17. Be3 Qh4+ 18. Bf2 Qxh2 19. Kf1 h6 20. Rc1 Kg8 21. Bh7+ Kh8 22. Bg6 Nf8 23. Bg3 Qh1+ 24. Kf2 Qxc1 25. Rxf8+ Bxf8 26. Qxc1 Bd7 27. Qc7 Bc6 28. Bf4 Bc5+ 29. Kg3 Rg8 30. Bxh6 d4 31. Bf4 0-1

[Event "FRA-chT2 0405"]
[Site "France"]
[Date "2004.12.05"]
[Round "4.3"]
[White "Sinkovics, Peter"]
[Black "Stenel, Vincent"]
[Result "1-0"]
[WhiteElo "2309"]
[BlackElo "2122"]
[PlyCount "129"]
[EventDate "2004.10.10"]
[EventType "team"]
[EventRounds "11"]
[EventCountry "FRA"]
[SourceTitle "EXT 2006"]
[Source "ChessBase"]
[SourceDate "2005.11.24"]
[SourceVersion "1"]
[SourceVersionDate "2005.11.24"]
[SourceQuality "1"]
[WhiteTeam "Bagneux"]
[BlackTeam "Bois Colombes"]
[WhiteTeamCountry "FRA"]
[BlackTeamCountry "FRA"]

1. d4 Nf6 2. Nf3 e6 3. c4 d5 4. cxd5 exd5 5. Nc3 c6 6. Qc2 Be7 7. Bg5 0-0 8. e3 Ne4 9. Bxe7 Qxe7 10. Bd3 f5 11. 0-0 Nd7 12. Rae1 Kh8 13. Nd2 Ndf6 14. f3 Nxd2 15. Qxd2 Be6 16. Qc2 Qd7 17. Na4 b6 18. b4 Rac8 19. Rb1 Qd6 20. Qd2 Nd7 21. Rfc1 b5 22. Nc5 Nb6 23. a4 Nc4 24. Qf2 Rc7 25. Ra1 Bc8 26. axb5 cxb5 27. Ra2 Re7 28. Re1 Rfe8 29. Rae2 Qh6 30. g3 Rf8 31. Kg2 Kg8 32. f4 Qd6 33. Qf3 g6 34. h3 Rfe8 35. g4 Rg7 36. Kh1 Kh8 37. g5 h5 38. gxh6 Rh7 39. Rh2 Rxh6 40. Bf1 Kg7 41. Rhe2 Re7 42. Bg2 Kf6 43. Kg1 Nb6 44. Ra2 Rhh7 45. Qg3 Kf7 46. Kf2 Qf6 47. Rea1 Kf8 48. Rh1 Nc4 49. Re2 Qc6 50. Qf3 Nb6 51. Nd3 Rhg7 52. Rc1 Qd6 53. Rc5 a6 54. Rec2 Bb7 55. Ne5 Na4 56. Rc6 Bxc6 57. Rxc6 Qxb4 58. Qxd5 Qd2+ 59. Kf3 Rxe5 60. Qxe5 Kg8 61. Rc8+ Kh7 62. Qb8 Qd1+ 63. Kg3 g5 64. Rh8+ Kg6 65. Qd6+ 1-0

[Event "FRA-chT2 0405"]
[Site "France"]
[Date "2004.10.10"]
[Round "1.5"]
[White "Brun, Philippe"]
[Black "Stenel, Vincent"]
[Result "1/2-1/2"]
[WhiteElo "2122"]
[BlackElo "2122"]
[PlyCount "130"]
[EventDate "2004.10.10"]
[EventType "team"]
[EventRounds "11"]
[EventCountry "FRA"]
[SourceTitle "EXT 2006"]
[Source "ChessBase"]
[SourceDate "2005.11.24"]
[SourceVersion "1"]
[SourceVersionDate "2005.11.24"]
[SourceQuality "1"]
[WhiteTeam "Rueil Malmaison"]
[BlackTeam "Bois Colombes"]
[WhiteTeamCountry "FRA"]
[BlackTeamCountry "FRA"]

1. d4 Nf6 2. Bg5 Ne4 3. Bf4 d5 4. e3 e6 5. Bd3 f5 6. f3 Nf6 7. Nd2 c5 8. Bb5+ Bd7 9. Bxd7+ Nbxd7 10. Ne2 Qb6 11. Rb1 Bd6 12. c3 0-0 13. Qb3 e5 14. Bg3 Rae8 15. Qxb6 Nxb6 16. 0-0 Nh5 17. Bf2 cxd4 18. cxd4 e4 19. fxe4 fxe4 20. Nc3 h6 21. a4 Bb4 22. Rfc1 Nf6 23. a5 Bxa5 24. b4 Ng4 25. Rf1 Na4 26. Nxa4 Bc7 27. g3 Rf7 28. Kg2 Ref8 29. Bg1 Nf6 30. Nc5 Bd6 31. Ne6 Rc8 32. Rfc1 Rxc1 33. Rxc1 Bxb4 34. Nb3 a5 35. Rc8+ Kh7 36. Rc7 Rxc7 37. Nxc7 a4 38. Nc1 Kg6 39. Kf1 Kf7 40. Na2 Bf8 41. Bf2 Ke7 42. Be1 Kd7 43. Nb5 Kc6 44. Nbc3 Ng4 45. Ke2 Nxh2 46. Nxa4 Nf3 47. Bc3 Bd6 48. Kf2 Nh2 49. Nc5 Ng4+ 50. Ke2 Nf6 51. Ne6 g5 52. Be1 Nh5 53. Nd8+ Kc7 54. Nf7 Nxg3+ 55. Bxg3 Bxg3 56. Nxh6 Bd6 57. Nc3 Kc6 58. Nf7 Be7 59. Ne5+ Kd6 60. Nb5+ Ke6 61. Kf2 Bb4 62. Nc7+ Kd6 63. Nb5+ Ke6 64. Kg3 Bd2 65. Kf2 Bb4 1/2-1/2

[Event "Bois Colombes schev"]
[Site "Bois Colombes"]
[Date "2003.12.23"]
[Round "2"]
[White "Coursaget, Nicolas"]
[Black "Stenel, Vincent"]
[Result "1-0"]
[WhiteElo "2300"]
[BlackElo "2088"]
[PlyCount "67"]
[EventDate "2003.12.22"]
[EventType "schev"]
[EventRounds "7"]
[EventCountry "FRA"]
[SourceTitle "EXT 2005"]
[Source "ChessBase"]
[SourceDate "2004.11.15"]
[SourceVersion "1"]
[SourceVersionDate "2004.11.15"]
[SourceQuality "1"]

1. d4 e6 2. c4 f5 3. g3 Nf6 4. Nc3 d5 5. Nf3 c6 6. Qc2 Bd6 7. Bf4 0-0 8. e3 Ne4 9. Bxd6 Qxd6 10. Bg2 Nd7 11. 0-0 a6 12. a4 Ndf6 13. Ne5 Ng5 14. f3 Nf7 15. f4 Bd7 16. b4 dxc4 17. Nxc4 Qxb4 18. Rfb1 Qe7 19. Rxb7 Nd8 20. Rb2 Rc8 21. Nb6 Rb8 22. Rab1 Nf7 23. Qd3 Qd6 24. Qxa6 c5 25. Qd3 Bc6 26. Bxc6 Qxc6 27. Nbd5 Nxd5 28. Rxb8 Nb4 29. Rxf8+ Kxf8 30. Qb5 Qxb5 31. axb5 cxd4 32. exd4 Nc2 33. b6 Nxd4 34. b7 1-0

[Event "Paris-ch op"]
[Site "Paris"]
[Date "2002.07.07"]
[Round "2"]
[White "Stenel, Vincent"]
[Black "Gollain, Marc"]
[Result "1-0"]
[WhiteElo "2075"]
[BlackElo "2180"]
[PlyCount "103"]
[EventDate "2002.07.06"]
[EventType "swiss"]
[EventRounds "9"]
[EventCountry "FRA"]
[SourceTitle "CBM 089 Extra"]
[Source "ChessBase"]
[SourceDate "2002.09.10"]
[SourceVersion "2"]
[SourceVersionDate "2002.09.10"]
[SourceQuality "1"]

1. e4 e5 2. Nf3 Nc6 3. Bb5 a6 4. Ba4 Nf6 5. 0-0 b5 6. Bb3 Bc5 7. Re1 d6 8. c3 Bb6 9. d3 0-0 10. a4 Be6 11. Bg5 h6 12. Be3 Rb8 13. axb5 axb5 14. Bxb6 Rxb6 15. Nbd2 b4 16. Nc4 Rb8 17. d4 Bg4 18. dxe5 Bxf3 19. Qxf3 dxe5 20. Ba4 Ne7 21. Nxe5 Qd2 22. Nc4 Qg5 23. Rad1 Qc5 24. Bb3 bxc3 25. Qxc3 Nc6 26. h3 Rfe8 27. e5 Nd5 28. Qf3 Nd4 29. Qe4 Rxb3 30. Qxd4 Qxd4 31. Rxd4 Nb6 32. Re2 Rb8 33. Na5 Rb5 34. Nc6 Ra8 35. b4 Ra1+ 36. Kh2 Rc1 37. e6 fxe6 38. Rxe6 Kh7 39. Ne7 Rb1 40. Rd8 g5 41. Nc6 Rd5 42. Re7+ Kg6 43. Rg8+ Kf6 44. Rf8+ Kg6 45. Ne5+ Rxe5 46. Rxe5 Rxb4 47. Rc5 Nd7 48. Rc6+ Kg7 49. Rd8 Ne5 50. Rxc7+ Kf6 51. Rd6+ Kf5 52. Rxh6 1-0

[Event "Issy les Moulineaux tt"]
[Site "Issy les Moulineaux"]
[Date "2000.06.12"]
[Round "3.3"]
[White "Stenel, Vincent"]
[Black "Lepan, Marvin"]
[Result "0-1"]
[WhiteElo "1930"]
[BlackElo "2026"]
[PlyCount "88"]
[EventDate "2000.06.10"]
[EventType "team"]
[EventRounds "7"]
[EventCountry "FRA"]
[SourceTitle "EXT 2007"]
[Source "ChessBase"]
[SourceDate "2006.11.23"]
[SourceVersion "1"]
[SourceVersionDate "2006.11.23"]
[SourceQuality "1"]

1. e4 c5 2. Nc3 Nc6 3. g3 g6 4. Bg2 Bg7 5. f4 d6 6. Nf3 Rb8 7. a4 e6 8. 0-0 Nge7 9. d3 0-0 10. Ne2 a6 11. c3 b5 12. axb5 axb5 13. d4 cxd4 14. cxd4 Qb6 15. Kh1 d5 16. e5 b4 17. b3 Ba6 18. Rf2 Rfc8 19. g4 Bxe2 20. Rxe2 Na7 21. Ra4 Nb5 22. Rxb4 Nc6 23. Rxb5 Qxb5 24. Rb2 Nb4 25. Bf1 Qd7 26. Bd2 Rb6 27. h4 Rcb8 28. h5 Nc6 29. hxg6 hxg6 30. f5 exf5 31. Bd3 fxg4 32. Ng5 Nxd4 33. Be3 Bxe5 34. Rf2 f5 35. Bxd4 Bxd4 36. Rh2 Be3 37. Bc4 Bxg5 38. Bxd5+ Kg7 39. Rh7+ Kxh7 40. Bg8+ Kxg8 41. Qxd7 Rxb3 42. Kg2 Rb2+ 43. Kf1 Rb1+ 44. Ke2 R8b2+ 0-1